<?xml version="1.0" encoding="UTF-8"?>
<record
    xmlns:xsi="http://www.w3.org/2001/XMLSchema-instance"
    xsi:schemaLocation="http://www.loc.gov/MARC21/slim http://www.loc.gov/standards/marcxml/schema/MARC21slim.xsd"
    xmlns="http://www.loc.gov/MARC21/slim">

  <leader>00433nam a2200145Ia 4500</leader>
  <controlfield tag="003">IQ-KOUCL</controlfield>
  <controlfield tag="008">230412s9999||||xx |||||||||||||| ||und||</controlfield>
  <datafield tag="041" ind1=" " ind2=" ">
    <subfield code="a">Arabic</subfield>
  </datafield>
  <datafield tag="082" ind1=" " ind2=" ">
    <subfield code="a">801.95 cut 284 &#x634;</subfield>
  </datafield>
  <datafield tag="100" ind1=" " ind2=" ">
    <subfield code="a">&#x646;&#x632;&#x627;&#x631; &#x634;&#x643;&#x648;&#x631; &#x634;&#x627;&#x643;&#x631; </subfield>
  </datafield>
  <datafield tag="245" ind1=" " ind2="0">
    <subfield code="a">&#x623;&#x636;&#x648;&#x627;&#x621; &#x639;&#x644;&#x649; &#x627;&#x644;&#x62A;&#x631;&#x627;&#x62A; &#x627;&#x644;&#x627;&#x62F;&#x628;&#x649; &#x627;&#x644;&#x646;&#x642;&#x62F;&#x64A; &#x641;&#x64A; &#x627;&#x644;&#x645;&#x63A;&#x631;&#x628; &#x648;&#x627;&#x644;&#x646;&#x62F;&#x644;&#x633; </subfield>
  </datafield>
  <datafield tag="250" ind1=" " ind2=" ">
    <subfield code="a">&#x637;1</subfield>
  </datafield>
  <datafield tag="260" ind1=" " ind2=" ">
    <subfield code="b">&#x62F;&#x627;&#x631; &#x643;&#x641;&#x627;&#x621;&#x629; &#x627;&#x644;&#x645;&#x639;&#x631;&#x641;&#x629;</subfield>
    <subfield code="c">2019</subfield>
  </datafield>
  <datafield tag="942" ind1=" " ind2=" ">
    <subfield code="c">BK</subfield>
  </datafield>
  <datafield tag="999" ind1=" " ind2=" ">
    <subfield code="c">184524</subfield>
    <subfield code="d">184524</subfield>
  </datafield>
  <datafield tag="952" ind1=" " ind2=" ">
    <subfield code="0">0</subfield>
    <subfield code="1">0</subfield>
    <subfield code="4">0</subfield>
    <subfield code="7">0</subfield>
    <subfield code="8">800-809</subfield>
    <subfield code="a">KOYUCL</subfield>
    <subfield code="b">KOYUCL</subfield>
    <subfield code="c">BK</subfield>
    <subfield code="d">2023-04-12</subfield>
    <subfield code="l">0</subfield>
    <subfield code="o">801.95 cut 284 &#x634;</subfield>
    <subfield code="p">0000067608</subfield>
    <subfield code="r">2023-04-12</subfield>
    <subfield code="t">1</subfield>
    <subfield code="w">2023-04-12</subfield>
    <subfield code="y">BK</subfield>
  </datafield>
</record>
